000 00416nam a2200157Ia 4500
008 230917s9999||||xx |||||||||||||| ||und||
040 _e68615
_aMAIN
041 _aEnglish
082 _a330.1543 K277I
100 _aKelejian, Harry H
245 0 _aIntroduction to econometrics: principles and applications
250 _a2nd ed.
260 _aNew York
_bHarper & Row
_c1981
300 _axv, 347 p.
942 _cBK
999 _c221861
_d221861